| 000 | 00806nam a2200229Ia 4500 | ||
|---|---|---|---|
| 008 | 191130s2010##################000#0#eng## | ||
| 020 | _a9780521133289 | ||
| 040 |
_aACL _cACL |
||
| 082 | _a325.346098 MAH | ||
| 100 | _aMahoney, James | ||
| 245 |
_aColonialism and postcolonial development: Spanish America in comparative perspective _cJames Mahoney |
||
| 260 |
_aCambridge _bCambridge University Press _c2010 |
||
| 300 | _axvii, 400 p. : il. ; 24 cm | ||
| 500 | _aIncludes bibliographical references and index | ||
| 650 | _aAmérica Latina -- Colonización | ||
| 650 | _aEspaña -- Colonias -- América -- Administración | ||
| 650 | _aGobierno comparado | ||
| 650 | _aPostcolonialismo -- América Latina | ||
| 990 | _a2dc130faac10000c363def3352bbcad3 | ||
| 991 | _a148326 | ||
| 999 |
_c133029 _d133029 |
||